[Event "Wiesbaden op 28th"]
[Site "Wiesbaden"]
[Date "2016.08.28"]
[Round "6"]
[White "Kirchner, Markus"]
[Black "Goldt, Rainer"]
[Result "0-1"]
[WhiteElo "1711"]
[BlackElo "1956"]
[PlyCount "52"]
[EventDate "2016.08.25"]
[EventType "swiss"]
[EventRounds "7"]
[EventCountry "GER"]
[SourceTitle "CBM 174 Extra"]
[Source "ChessBase"]
[SourceDate "2016.10.10"]
[SourceVersion "1"]
[SourceVersionDate "2016.10.10"]
[SourceQuality "1"]

1. e4 c6 2. Nc3 d5 3. Nf3 dxe4 4. Nxe4 Nf6 5. Nxf6+ gxf6 6. d4 Bg4 7. Be2 e6 8. Bf4 Bd6 9. Bxd6 Qxd6 10. Qd2 Nd7 11. 0-0-0 0-0-0 12. Kb1 Kb8 13. h3 Bxf3 14. Bxf3 Nb6 15. Qd3 Nd5 16. c3 f5 17. Bxd5 Qxd5 18. c4 Qxg2 19. Qe3 Qe4+ 20. Qxe4 fxe4 21. Kc2 Rhg8 22. Rd2 f5 23. Kd1 Rd7 24. Ke2 Rgd8 25. Rhd1 f4 26. b3 Kc7 0-1

[Event "Frankfurt-chA"]
[Site "Frankfurt"]
[Date "2013.06.17"]
[Round "7"]
[White "Goldt, Rainer"]
[Black "Kuhn, Gerhard"]
[Result "1/2-1/2"]
[WhiteElo "1942"]
[BlackElo "2003"]
[PlyCount "49"]
[EventDate "2013.04.29"]
[EventType "swiss"]
[EventRounds "7"]
[EventCountry "GER"]
[SourceTitle "EXT 2014"]
[Source "ChessBase"]
[SourceDate "2013.11.20"]
[SourceVersion "1"]
[SourceVersionDate "2013.11.20"]
[SourceQuality "1"]

1. e4 c6 2. c4 d5 3. exd5 cxd5 4. cxd5 Nf6 5. Nc3 Nxd5 6. d4 e6 7. Nf3 Nc6 8. Bd3 Be7 9. 0-0 h6 10. Be3 0-0 11. Qe2 Qa5 12. Bd2 Rd8 13. a3 Qb6 14. Nxd5 exd5 15. Ne5 Be6 16. Nxc6 Qxc6 17. Rac1 Qb6 18. Be3 Bf6 19. Rc5 Rac8 20. Rfc1 Rxc5 21. Rxc5 Be7 22. Rc1 Rd6 23. Bb1 Rc6 24. Rxc6 bxc6 25. Qd3 1/2-1/2

[Event "Frankfurt-chA"]
[Site "Frankfurt"]
[Date "2013.05.13"]
[Round "3"]
[White "Goldt, Rainer"]
[Black "Sandten, Ulrich"]
[Result "1/2-1/2"]
[WhiteElo "1818"]
[BlackElo "2024"]
[PlyCount "46"]
[EventDate "2013.04.29"]
[EventType "swiss"]
[EventRounds "7"]
[EventCountry "GER"]
[SourceTitle "EXT 2014"]
[Source "ChessBase"]
[SourceDate "2013.11.20"]
[SourceVersion "1"]
[SourceVersionDate "2013.11.20"]
[SourceQuality "1"]

1. e4 c6 2. d4 d5 3. e5 c5 4. dxc5 e6 5. Be3 Nh6 6. Bd3 Qc7 7. Nf3 Bxc5 8. Bxc5 Qxc5 9. Nc3 Nc6 10. 0-0 0-0 11. a3 Bd7 12. Re1 f6 13. Qd2 fxe5 14. b4 Qd6 15. b5 Rxf3 16. bxc6 Rxd3 17. cxd3 Bxc6 18. Qe2 Nf7 19. Qg4 Rf8 20. Qg3 Qc5 21. Rac1 Qd4 22. Ne2 Qa4 23. d4 Qa6 1/2-1/2

[Event "Frankfurt-chA"]
[Site "Frankfurt"]
[Date "2012.04.30"]
[Round "1"]
[White "Kirschner, Matthias"]
[Black "Goldt, Rainer"]
[Result "0-1"]
[WhiteElo "1431"]
[BlackElo "1852"]
[PlyCount "90"]
[EventDate "2012.04.30"]
[EventType "swiss"]
[EventRounds "7"]
[EventCountry "GER"]
[SourceTitle "EXT 2013"]
[Source "ChessBase"]
[SourceDate "2012.11.22"]
[SourceVersion "1"]
[SourceVersionDate "2012.11.22"]
[SourceQuality "1"]

1. c4 e6 2. Nc3 Nf6 3. g3 d5 4. Bg2 Be7 5. b3 0-0 6. d3 c6 7. Qc2 Nbd7 8. Nf3 b6 9. 0-0 Bb7 10. a3 c5 11. Rb1 d4 12. Na2 a5 13. b4 axb4 14. axb4 Ra7 15. Bd2 e5 16. Rb2 e4 17. Ne1 Qa8 18. Nc1 Ne5 19. bxc5 bxc5 20. Ra2 Rxa2 21. Qxa2 Qxa2 22. Nxa2 exd3 23. Nxd3 Bxg2 24. Kxg2 Nxc4 25. Bg5 Ra8 26. Bxf6 Bxf6 27. Nac1 Nd2 28. Rd1 Ne4 29. Nb3 c4 30. Nbc5 Nc3 31. Rc1 cxd3 32. exd3 g6 33. Nd7 Bg5 34. Re1 Ra2 35. Ne5 Re2 36. Rxe2 Nxe2 37. Nd7 Nc1 38. f4 Be7 39. Ne5 f6 40. Nc6 Bc5 41. Kf3 Nxd3 42. Ke2 Nb4 43. Nd8 d3+ 44. Kd2 Bg1 45. Kc3 Bxh2 0-1

[Event "Moehnesee Cup-A 37th"]
[Site "Moehnesee"]
[Date "2011.09.03"]
[Round "4"]
[White "Imcke, Patrick"]
[Black "Goldt, Rainer"]
[Result "1/2-1/2"]
[WhiteElo "1834"]
[BlackElo "1993"]
[PlyCount "58"]
[EventDate "2011.09.01"]
[EventType "swiss"]
[EventRounds "7"]
[EventCountry "GER"]
[SourceTitle "EXT 2013"]
[Source "ChessBase"]
[SourceDate "2012.11.22"]
[SourceVersion "1"]
[SourceVersionDate "2012.11.22"]
[SourceQuality "1"]

1. e4 Nf6 2. e5 Nd5 3. d4 d6 4. c4 Nb6 5. f4 Bf5 6. Nf3 e6 7. Nc3 Na6 8. Be3 Be7 9. Qd2 c5 10. d5 Nb4 11. Rd1 exd5 12. cxd5 Nc2+ 13. Kf2 Nxe3 14. Bb5+ Bd7 15. Qxe3 0-0 16. Bxd7 Qxd7 17. Rhe1 Rfe8 18. Kg1 Rad8 19. b3 Nc8 20. a4 a6 21. Qe4 g6 22. Qd3 Qg4 23. Ne2 Bf8 24. h3 Qd7 25. Nc3 Bg7 26. Re2 Nb6 27. a5 Nc8 28. Qc4 Qc7 29. b4 b5 1/2-1/2

[Event "Rheinland Pfalz op 3rd"]
[Site "Gau Algesheim"]
[Date "2011.07.30"]
[Round "4"]
[White "Sieber, Patrick"]
[Black "Goldt, Rainer"]
[Result "1-0"]
[WhiteElo "2213"]
[BlackElo "1993"]
[PlyCount "81"]
[EventDate "2011.07.28"]
[EventType "swiss"]
[EventRounds "7"]
[EventCountry "GER"]
[SourceTitle "EXT 2013"]
[Source "ChessBase"]
[SourceDate "2012.11.22"]
[SourceVersion "1"]
[SourceVersionDate "2012.11.22"]
[SourceQuality "1"]

1. e4 Nf6 2. e5 Nd5 3. d4 d6 4. c4 Nb6 5. f4 Bf5 6. Nc3 e6 7. Be3 Na6 8. a3 c5 9. dxc5 dxc5 10. Qf3 Qc8 11. 0-0-0 h5 12. h3 Be7 13. Be2 h4 14. g4 hxg3 15. Qxg3 g6 16. h4 Nb8 17. Nf3 Nc6 18. h5 Na5 19. Nd2 Rf8 20. hxg6 Bxg6 21. b3 Nd7 22. Kb2 Qc6 23. Bf2 0-0-0 24. Qe3 a6 25. Bh4 Bxh4 26. Rxh4 Qb6 27. Nce4 Bxe4 28. Nxe4 Nc6 29. Bf3 Nd4 30. Nd6+ Kb8 31. Be4 f6 32. Nxb7 fxe5 33. Nxd8 exf4 34. Rxf4 Rxf4 35. Rxd4 cxd4 36. Qxf4+ e5 37. Nc6+ Qxc6 38. Bxc6 exf4 39. Bxd7 Kc7 40. Bg4 Kd6 41. Kc2 1-0

[Event "Rheinland Pfalz op 3rd"]
[Site "Gau Algesheim"]
[Date "2011.07.29"]
[Round "2"]
[White "Spiess, Timo"]
[Black "Goldt, Rainer"]
[Result "1-0"]
[WhiteElo "2192"]
[BlackElo "1993"]
[PlyCount "99"]
[EventDate "2011.07.28"]
[EventType "swiss"]
[EventRounds "7"]
[EventCountry "GER"]
[SourceTitle "EXT 2013"]
[Source "ChessBase"]
[SourceDate "2012.11.22"]
[SourceVersion "1"]
[SourceVersionDate "2012.11.22"]
[SourceQuality "1"]

1. e4 Nf6 2. d3 d5 3. Nd2 dxe4 4. dxe4 e5 5. Ngf3 Bc5 6. Bc4 Nc6 7. 0-0 0-0 8. c3 Bg4 9. Qc2 Bb6 10. b4 a6 11. h3 Bh5 12. Nh4 Ne8 13. Nf5 Nd6 14. Bd3 Qd7 15. Nxd6 Qxd6 16. Nc4 Qd7 17. Nxb6 cxb6 18. Be2 Bxe2 19. Qxe2 Rad8 20. Bg5 f6 21. Rfd1 Qe6 22. Be3 b5 23. Bb6 Rxd1+ 24. Rxd1 Rf7 25. Qd2 Qc4 26. f3 Qe6 27. Bc5 h6 28. Qd5 Qxd5 29. Rxd5 Rc7 30. Bb6 Re7 31. Kf2 Kf7 32. h4 h5 33. g4 g6 34. Bc5 Rc7 35. Ke2 Ke8 36. Rd6 Kf7 37. Kd3 Kg7 38. Bb6 Rf7 39. a3 Kg8 40. c4 bxc4+ 41. Kxc4 Kg7 42. a4 hxg4 43. fxg4 f5 44. exf5 gxf5 45. g5 e4 46. h5 Ne5+ 47. Kd5 Nc6 48. h6+ Kg8 49. g6 Re7 50. Bd4 1-0

[Event "Frankfurt-ch"]
[Site "Frankfurt"]
[Date "2011.06.14"]
[Round "7"]
[White "Krzesinski, Paul"]
[Black "Goldt, Rainer"]
[Result "1-0"]
[WhiteElo "1832"]
[BlackElo "1993"]
[PlyCount "103"]
[EventDate "2011.05.02"]
[EventType "swiss"]
[EventRounds "7"]
[EventCountry "GER"]
[SourceTitle "EXT 2012"]
[Source "ChessBase"]
[SourceDate "2011.11.24"]
[SourceVersion "1"]
[SourceVersionDate "2011.11.24"]
[SourceQuality "1"]

1. e4 Nf6 2. Nc3 d5 3. e5 Nfd7 4. e6 fxe6 5. d4 c5 6. Nf3 Nc6 7. Bf4 a6 8. Qd2 cxd4 9. Nxd4 Nxd4 10. Qxd4 Qb6 11. Be3 Qxd4 12. Bxd4 e5 13. Nxd5 exd4 14. Nc7+ Kd8 15. Ne6+ Ke8 16. Nc7+ Kd8 17. Nxa8 b6 18. 0-0-0 Bb7 19. Nxb6 Nxb6 20. Rxd4+ Kc7 21. h4 e5 22. Rg4 g6 23. h5 Bc8 24. Re4 Bg7 25. hxg6 Bf5 26. Reh4 Bxg6 27. Bxa6 Bf6 28. R4h3 Ra8 29. Ra3 Be7 30. Rc3+ Kb8 31. Be2 Rxa2 32. Kb1 Ra5 33. Bh5 Be4 34. Bf3 Bg6 35. Rc6 Nd7 36. Rd1 Nf6 37. Re6 Ra7 38. Rxe5 Rc7 39. Rd2 Kc8 40. Rde2 Kd8 41. Re6 Rd7 42. R2e5 Rc7 43. Re2 Rd7 44. b3 Bf5 45. Ra6 Rc7 46. Kb2 Bc8 47. Ra4 Bf5 48. Rd4+ Kc8 49. Rf4 Bg6 50. Rxe7 Rxe7 51. Rxf6 Rc7 52. Rc6 1-0

[Event "Frankfurt-ch"]
[Site "Frankfurt"]
[Date "2011.05.30"]
[Round "5"]
[White "Klyszcz, Michael"]
[Black "Goldt, Rainer"]
[Result "1-0"]
[WhiteElo "2064"]
[BlackElo "1993"]
[PlyCount "89"]
[EventDate "2011.05.02"]
[EventType "swiss"]
[EventRounds "7"]
[EventCountry "GER"]
[SourceTitle "EXT 2012"]
[Source "ChessBase"]
[SourceDate "2011.11.24"]
[SourceVersion "1"]
[SourceVersionDate "2011.11.24"]
[SourceQuality "1"]

1. e4 Nf6 2. e5 Nd5 3. d4 d6 4. exd6 exd6 5. Nf3 Bg4 6. Be2 Be7 7. 0-0 0-0 8. c4 Nb6 9. Nc3 c6 10. Re1 d5 11. c5 Nc8 12. Bf4 Bf6 13. Qd2 Ne7 14. h3 Bxf3 15. Bxf3 Nf5 16. Ne2 Nd7 17. Bg4 Nh4 18. Ng3 Ng6 19. Bd6 Re8 20. Rxe8+ Qxe8 21. Re1 Qd8 22. Nf5 Ndf8 23. Bxf8 Kxf8 24. Nd6 Qc7 25. g3 Be7 26. Nf5 Re8 27. Qe3 Qd8 28. Qa3 Bf6 29. Rxe8+ Qxe8 30. Qxa7 Qe1+ 31. Kg2 Kg8 32. Bf3 h5 33. Qxb7 Qe6 34. Nd6 Bxd4 35. Qxc6 Qe1 36. Qe8+ Qxe8 37. Nxe8 Kf8 38. Nc7 Bxc5 39. Nxd5 Ne5 40. Be2 g6 41. Bb5 f5 42. a4 Kf7 43. f4 Ke6 44. Nc7+ Kd6 45. Ne8+ 1-0

[Event "Moehnesee Cup 36th"]
[Site "Moehnesee"]
[Date "2010.08.29"]
[Round "7"]
[White "Goldt, Rainer"]
[Black "Hahn, Moritz"]
[Result "1/2-1/2"]
[WhiteElo "1845"]
[BlackElo "2076"]
[PlyCount "31"]
[EventDate "2010.08.26"]
[EventType "swiss"]
[EventRounds "7"]
[EventCountry "GER"]
[SourceTitle "EXT 2011"]
[Source "ChessBase"]
[SourceDate "2010.11.26"]
[SourceVersion "1"]
[SourceVersionDate "2010.11.26"]
[SourceQuality "1"]

1. e4 e6 2. d4 d5 3. Nc3 Nc6 4. e5 Bd7 5. Nf3 f6 6. exf6 Nxf6 7. Be2 Bd6 8. Nb5 0-0 9. Nxd6 cxd6 10. 0-0 e5 11. dxe5 dxe5 12. Bg5 Be6 13. c3 Qd6 14. Nd2 Rad8 15. Qa4 Kh8 16. Rad1 1/2-1/2

[Event "Moehnesee Cup 36th"]
[Site "Moehnesee"]
[Date "2010.08.26"]
[Round "1"]
[White "Goldt, Rainer"]
[Black "Hartig, Frank"]
[Result "1-0"]
[WhiteElo "1845"]
[BlackElo "2045"]
[PlyCount "25"]
[EventDate "2010.08.26"]
[EventType "swiss"]
[EventRounds "7"]
[EventCountry "GER"]
[SourceTitle "EXT 2011"]
[Source "ChessBase"]
[SourceDate "2010.11.26"]
[SourceVersion "1"]
[SourceVersionDate "2010.11.26"]
[SourceQuality "1"]

1. e4 d5 2. d4 dxe4 3. Nc3 Nf6 4. f3 Bf5 5. fxe4 Bxe4 6. Nxe4 Nxe4 7. Nf3 e6 8. Bd3 Nf6 9. 0-0 Be7 10. Bg5 0-0 11. c3 c6 12. Qe1 Nd5 13. Bxh7+ 1-0

[Event "Frankfurt-ch"]
[Site "Frankfurt"]
[Date "2009.05.04"]
[Round "2"]
[White "Schellen, Sven"]
[Black "Goldt, Rainer"]
[Result "0-1"]
[WhiteElo "1556"]
[BlackElo "1883"]
[PlyCount "120"]
[EventDate "2009.04.27"]
[EventType "tourn"]
[EventRounds "7"]
[EventCountry "GER"]
[SourceTitle "EXT 2010"]
[Source "ChessBase"]
[SourceDate "2010.11.25"]
[SourceVersion "1"]
[SourceVersionDate "2010.11.25"]
[SourceQuality "1"]

1. d4 d5 2. Nf3 e6 3. Bf4 c5 4. e3 Nc6 5. c3 Nf6 6. Bd3 c4 7. Bc2 Be7 8. Nbd2 b5 9. Ne5 Nxe5 10. dxe5 Nd7 11. Qg4 Kf8 12. h4 h5 13. Qf3 Nc5 14. Rd1 Bb7 15. Ne4 Nxe4 16. Bxe4 Qc7 17. Bc2 Rd8 18. Qg3 b4 19. Bg5 bxc3 20. bxc3 Bc6 21. Rd4 Rb8 22. Rf4 Rb2 23. Bg6 Be8 24. Qf3 Bc5 25. 0-0 a5 26. Bxh5 a4 27. Bg4 Qxe5 28. Qg3 Bd6 29. Bd8 Rb8 30. Ba5 Ra8 31. Bb6 Qxc3 32. Bd4 Bxf4 33. Qxf4 Qb4 34. Bxe6 Rd8 35. Qg5 Rg8 36. Bxf7 Kxf7 37. Qxd8 Qb7 38. Qb6 Qxb6 39. Bxb6 Bb5 40. Rd1 Bc6 41. Kf1 Rb8 42. Bc5 Rb2 43. a3 c3 44. Bd4 c2 45. Rc1 Rb1 46. Bb2 Rxb2 47. Ke2 d4 48. f3 Bb5+ 49. Kd2 d3 50. g4 Bc4 51. f4 Rb6 52. Kc3 Bb3 53. Kxd3 Rd6+ 54. Kc3 Rd1 55. Kb2 Rd3 56. e4 Rd4 57. h5 Rxe4 58. g5 Rxf4 59. h6 gxh6 60. gxh6 Rh4 0-1

[Event "Frankfurt-ch"]
[Site "Frankfurt"]
[Date "2007.05.21"]
[Round "4"]
[White "Benninger, Rudolf"]
[Black "Goldt, Rainer"]
[Result "1/2-1/2"]
[WhiteElo "2130"]
[BlackElo "1876"]
[PlyCount "98"]
[EventDate "2007.04.30"]
[EventType "swiss"]
[EventRounds "7"]
[EventCountry "GER"]
[SourceTitle "EXT 2008"]
[Source "ChessBase"]
[SourceDate "2007.11.25"]
[SourceVersion "1"]
[SourceVersionDate "2007.11.25"]
[SourceQuality "1"]

1. e4 e6 2. d4 d5 3. e5 c5 4. c3 Qb6 5. Nf3 Bd7 6. a3 cxd4 7. cxd4 Bb5 8. Bxb5+ Qxb5 9. Nc3 Qd7 10. 0-0 Ne7 11. b4 Nbc6 12. Qd3 h5 13. Bg5 Nf5 14. h4 Be7 15. Bxe7 Ncxe7 16. Rfe1 0-0 17. b5 Rfc8 18. Ne2 Rc7 19. Rac1 Rac8 20. Rxc7 Rxc7 21. Nc3 Rc4 22. Rb1 Qc7 23. Rb3 b6 24. g3 g6 25. Kg2 Kg7 26. Ne2 Qc8 27. Nd2 Kh7 28. Qf3 Rc7 29. Qd3 Kg7 30. a4 Qd7 31. Ra3 Nc8 32. Nc3 Qe7 33. Rb3 Qd7 34. Ne2 Nce7 35. Ra3 Nc8 36. Nc3 Qe7 37. Rb3 Qd7 38. Na2 Nce7 39. Nb4 Qc8 40. Nf3 Rc4 41. Qd2 Kh7 42. Qg5 Ng8 43. Qf4 Nge7 44. Qg5 Ng8 45. Nc6 Rxa4 46. Rc3 a5 47. Qc1 Rc4 48. Rxc4 dxc4 49. Qxc4 Nge7 1/2-1/2